| 000 | 01716cad a22002415a 4500 | ||
|---|---|---|---|
| 001 | L145432 | ||
| 008 | 081008s2008 xxkd f s 000 0 eng d | ||
| 035 | _a(Sirsi) u145432 | ||
| 041 | 0 | _aeng | |
| 050 | 0 | 4 | _a338.47624 $2 18 |
| 110 | 2 |
_aRoyal Institution of Chartered Surveyors _bEconomics _95033 |
|
| 245 | 0 | 0 |
_aRICS construction market survey United Kingdom _bthird quarter 2008 _h[electronic resource] |
| 260 |
_aLondon _bRICS _c2008 |
||
| 490 | 0 |
_aRICS Construction Market Survey United Kingdom _vThird Quarter 2008 |
|
| 520 | _aReports that in the third quarter of 2008, construction workload growth declined, with 38% more chartered surveyors reporting a fall than a rise. 41% more chartered surveyors expect workloads to decrease. The government target to build two million new houses by 2016 seems hard to reach. The private housing sector workload continued to fall, with 60% more chartered surveyors reporting a fall than a rise. Large scale public projects also experience the effects of the credit crunch and may have to be delayed or reduced to obtain funding. Infrastructure starts to report difficulties. As to regional performances, London started to experience workload falls on the private commercial sector. The other regions recorded faster falls in commercial activity. Expectations in workload, employment and profit margins remain negative. | ||
| 521 | 2 | _aAdvanced | |
| 590 | _aKA | ||
| 650 | 2 | 4 | _aRICS CONSTRUCTION MARKET SURVEY UNITED KINGDOM |
| 651 | 4 |
_aUnited Kingdom _y |
|
| 690 | _aBUILT ENVIRONMENT-CONSTRUCTION MARKET | ||
| 856 | 4 | 0 |
_uhttps://www.rics.org/site/scripts/download_info.aspx?downloadID=20&fileID=21 _zView the survey free of charge at www.rics.org... |
| 942 | _n0 | ||
| 999 |
_c108789 _d108789 |
||